OGC Nice - Tous les joueurs (2010-2020) - Statistiques

Statistiques générales
  • Ce quiz a été pris 372 fois
  • Le résultat moyen est 42 sur 139
Statistiques - réponses
Saisons Nationalité Joueur Nb de matchs % Correct
2016-2020 Brésil Dante 123
94%
2016-2019 Italie Mario Balotelli 61
88%
2016-2020 Argentine Walter Benitez 92
80%
2015-2016 France Hatem Ben Arfa 34
79%
2015-2019 France Yoan Cardinale 75
78%
2010-2014 Colombie David Ospina 127
76%
2019-2020 Danemark Kasper Dolberg 23
75%
2015-2018 Côte d'Ivoire Jean Michaël Seri 102
73%
2014-2018 France Vincent Koziello 84
71%
2018-2020 Algérie Youcef Atal 42
66%
2014-2018 France Alassane Pléa 112
65%
2012-2015 Argentine Dario Cvitanich 69
63%
2015-2016 France Alexandre Mendy 18
62%
2013-2016, 2017-2018 France Nampalys Mendy 124
62%
2015-2017 Portugal Ricardo Pereira 50
59%
2016-2020 France Wylan Cyprien 94
59%
2015-2016, 2019-2020 France Gautier Lloris 5
58%
2015-2016 France Valère Germain 38
58%
2010-2013 Argentine Renato Civelli 99
55%
2016-2017 Brésil Dalbert 33
54%
2019-2020 France Khéphren Thuram 14
52%
2012-2014, 2015-2016 Mali Mahamane Traoré 48
51%
2016-2020 France Malang Sarr 102
51%
2017-2018 Pays-Bas Wesley Sneijder 5
51%
2016-2017 Maroc Younès Belhanda 31
51%
2010-2011 Mali Abdou Traoré 23
50%
2011-2015 France Alexy Bosetti 75
50%
2013-2017 France Mathieu Bodmer 80
50%
2010-2015 France Didier Digard 133
48%
2012-2015 France Eric Bauthéac 97
48%
2013-2015 France Jordan Amavi 55
48%
2012-2015 France Grégoire Puel 64
47%
2013-2016 Tunisie Mouez Hassen 49
47%
2013-2016 France Paulin Puel 14
47%
2017-2019 France Christophe Jallet 29
45%
2015-2017 France Paul Baysse 52
45%
2012-2017 France Valentin Eysseric 116
45%
2017-2019 France Allan Saint-Maximin 64
44%
2015-2018 France Maxime Le Marchand 65
44%
2012-2016 France Jérémy Pied 82
42%
2019-2020 Algérie Hicham Boudaoui 9
41%
2017-2020 France Pierre Lees-Melou 77
41%
2012-2016 Haïti Romain Genevois 105
40%
2016-2020 Tunisie Bassem Srarfi 56
38%
2014-2015 Brésil Carlos Eduardo 30
36%
2012-2015 France Neal Maupay 44
36%
2010-2014 Serbie Nemanja Pejcinovic 100
35%
2016-2018 Suède Niklas Hult 45
35%
2019-2020 France Alexis Claude-Maurice 22
34%
2016-2017 Grèce Anastasios Donis 18
33%
2015-2020 France Mickaël Le Bihan 27
31%
2013-2014 Belgique Christian Brüls 34
30%
2016-2018 France Arnaud Souquet 55
29%
2017-2020 Cameroun Ignatius Ganago 52
29%
2011-2016 France Kévin Gomis 56
29%
2013-2016 Algérie Saïd Benrahma 17
29%
2019-2020 Algérie Adam Ounas 16
28%
2011-2013 Argentine Fabian Monzon 35
28%
2011-2015 Gabon Lloyd Palun 62
27%
2010-2011 France Loïc Rémy 3
27%
2015-2020 France Rémi Walter 62
27%
2014-2016 France Simon Pouplin 9
27%
2019-2020 France Stanley Nsoki 17
27%
2018-2020 France Myziane Maolida 32
25%
2018-2020 Brésil Danilo Barbosa 38
24%
2011-2014 France Fabrice Abriel 80
24%
2012-2014 Pays-Bas Luigi Bruins 22
24%
2017-2020 Sénégal Racine Coly 26
24%
2014-2015 Sénégal Souleymane Diawara 14
24%
2012-2013, 2014-2015 France Joris Delle 15
23%
2014-2017, 2018-2019 France Olivier Boscagli 27
23%
2010-2012 France Anthony Mounier 63
22%
2018-2020 France Christophe Hérelle 48
22%
2014-2015 Belgique Julien Vercauteren 9
22%
2010-2012 Gabon Eric Mouloungui 60
21%
2010-2011 France Lionel Letizi 4
21%
2016-2017 Maroc Mounir Obbadi 6
21%
2016-2018 France Vincent Marcel 8
21%
2010-2012 France François Clerc 61
20%
2016-2020 France Patrick Burner 55
20%
2019-2020 Danemark Riza Durmisi 4
20%
2017-2020 France Adrien Tameze 71
19%
2011-2013 France Kévin Anin 29
19%
2013-2016 France Franck Honorat 19
18%
2017-2019 France Jean-Victor Makengo 30
18%
2010-2013 Côte d'Ivoire Kafoumba Coulibaly 63
18%
2013-2014 France Lucas Véronèse 5
18%
2012-2014 France Timothée Kolodziejczak 71
18%
2012-2016 Madagascar Albert Rafetraniaina 27
17%
2016-2018, 2019-2020 France Arnaud Lusamba 25
17%
2010-2011 Tunisie Chaouki Ben Saada 27
17%
2011-2013 France Xavier Pentecôte 12
17%
2010-2012 Côte d'Ivoire Emerse Faé 28
16%
2017-2020 France Ihsan Sacko 24
16%
2010-2013 Cameroun Stéphane Bahoken 16
16%
2013-2014 France Anthony Mandrea 1
15%
2011-2013 France Camel Meriem 44
15%
2010-2012 Mali Drissa Diakité 45
15%
2011-2013 Côte d'Ivoire Franck Dja Djédjé 30
15%
2010-2011 Burkina Faso Habib Bamogo 11
15%
2019-2020 Côte d'Ivoire Ibrahim Cissé 2
15%
2018-2019 Portugal Pedro Brazao 1
15%
2017-2018 France Romain Perraud 1
15%
2011-2013 Côte d'Ivoire Abraham Guié Guié 27
14%
2010-2012 France David Hellebuyck 21
14%
2010-2012 France Julien Sablé 52
14%
2011-2012 Pérou Raul Fernandez 2
14%
2015-2016 Brésil Wallyson Mallmann 17
14%
2010-2011 Serbie Danijel Ljuboja 30
13%
2018-2020 France Andy Pelmard 14
12%
2011-2013 France Diacko Fofana 5
12%
2012-2013 France Fabien Dao Castellana 2
12%
2010-2011 France Ismaël Gacé 18
12%
2010-2012 Rép. dém. du Congo Larrys Mabiala 17
12%
2012-2013 France Lucas Rougeaux 1
12%
2010-2011 Mali Mamadou Bagayoko 5
12%
2019-2020 France Yannis Clementia 2
12%
2010-2012 Guinée-Bissau Esmael Gonçalves 18
11%
2017-2018 Brésil Marlon Santos 23
11%
2016-2018 France Hicham Mahou 4
10%
2018-2019 Tunisie Assil Jaziri 3
9%
2010-2011 France David Bellion 10
9%
2012-2013 France Kévin Diaz 8
9%
2018-2019 France Lamine Diaby-Fadiga 6
9%
2010-2012 Bénin Mickaël Poté 9
9%
2015-2016 Madagascar Stéphan Raheriharimanana 4
9%
2010-2011 Ghana Abeiku Quansah 5
8%
2010-2011 Brésil Adeilson 1
8%
2010-2011 France Alain Cantareil 3
8%
2010-2012 France Cyril Hennion 4
8%
2015-2016 France Dorian Caddy 7
8%
2011-2012 France Elliot Grandin 12
8%
2014-2015 Sénégal Sada Thioub 2
8%
2013-2015 France Bryan Constant 5
7%
2010-2012 France Kévin Malaga 2
6%
2015-2016 France Antony Ranieri 2
5%
2018-2019 France Eddy Sylvestre 5
5%
2010-2011 France Grégory Paisley 8
5%
2015-2016 France Jonathan Correia 4
4%
Aucun quiz correspondant
Distribution des résultats
% des personnes avec chaque résultat
Percentile par nombre de réponses
Votre historique - résultats
Vous n’avez pas pris ce quiz